<?xml version="1.0" encoding="UTF-8"?>
<record
    xmlns:xsi="http://www.w3.org/2001/XMLSchema-instance"
    xsi:schemaLocation="http://www.loc.gov/MARC21/slim http://www.loc.gov/standards/marcxml/schema/MARC21slim.xsd"
    xmlns="http://www.loc.gov/MARC21/slim">

  <leader>01840nam a2200265 a 4500</leader>
  <controlfield tag="001">000028592</controlfield>
  <controlfield tag="005">20200930055028.0</controlfield>
  <controlfield tag="008">110411s2010    dr            001 0 spa d</controlfield>
  <datafield tag="020" ind1=" " ind2=" ">
    <subfield code="a">9789993478430</subfield>
  </datafield>
  <datafield tag="040" ind1=" " ind2=" ">
    <subfield code="a">DO-SdBNP</subfield>
    <subfield code="b">spa</subfield>
    <subfield code="c">BNPHU</subfield>
  </datafield>
  <datafield tag="082" ind1=" " ind2=" ">
    <subfield code="a">342.729302</subfield>
    <subfield code="b">R426con, 2010</subfield>
  </datafield>
  <datafield tag="110" ind1="1" ind2=" ">
    <subfield code="a">Rep&#xFA;blica Dominicana.</subfield>
    <subfield code="9">447</subfield>
  </datafield>
  <datafield tag="240" ind1="1" ind2="0">
    <subfield code="a">Constituci&#xF3;n (2010)</subfield>
  </datafield>
  <datafield tag="245" ind1="1" ind2="0">
    <subfield code="a">Constituci&#xF3;n de la Rep&#xFA;blica Dominicana anotada :</subfield>
    <subfield code="b">concordada con la Constituci&#xF3;n de 2002 doctrina, legislaci&#xF3;n y jurisprudencia /</subfield>
    <subfield code="c">Herbert Carvajal Oviedo ; pr&#xF3;logo Olivo A. Rodr&#xED;guez Huertas.</subfield>
  </datafield>
  <datafield tag="260" ind1=" " ind2=" ">
    <subfield code="a">Santo Domingo :</subfield>
    <subfield code="b">Librer&#xED;a Jur&#xED;dica Internacional,</subfield>
    <subfield code="c">2010.</subfield>
  </datafield>
  <datafield tag="300" ind1=" " ind2=" ">
    <subfield code="a">xiii, 187 p. ;</subfield>
    <subfield code="c">23 cm.</subfield>
  </datafield>
  <datafield tag="504" ind1=" " ind2=" ">
    <subfield code="a">Incluye bibliograf&#xED;a y notas a pie de p&#xE1;ginas.</subfield>
  </datafield>
  <datafield tag="505" ind1="0" ind2=" ">
    <subfield code="g">Pr&#xF3;logo /</subfield>
    <subfield code="r">Olivo A. Rodr&#xED;guez Huertas --</subfield>
    <subfield code="t">Pre&#xE1;mbulo --</subfield>
    <subfield code="t">De la Naci&#xF3;n, del Estado, de su gobierno y de sus principios fundamentales --</subfield>
    <subfield code="t">De los derechos, garant&#xED;as y deberes fundamentales --</subfield>
    <subfield code="t">Del Poder Legislativo --</subfield>
    <subfield code="t">Del Poder Ejecutivo --</subfield>
    <subfield code="t">Del Poder Judicial --</subfield>
    <subfield code="t">Del Consejo Nacional de la Magistratura --</subfield>
    <subfield code="t">Del control constitucional --</subfield>
    <subfield code="t">Del Defensor del Pueblo --</subfield>
    <subfield code="t">Del ordenamiento del territorio y de la administraci&#xF3;n local --</subfield>
    <subfield code="t">Del Sistema electoral --</subfield>
    <subfield code="t">Del r&#xE9;gimen econ&#xF3;mico y financiero y de la C&#xE1;mara de Cuentas --</subfield>
    <subfield code="t">De las Fuerzas Armadas, de la Polic&#xED;a Nacional y de la Seguridad y Defensa --</subfield>
    <subfield code="t">De los Estados de Excepci&#xF3;n --</subfield>
    <subfield code="t">De las Reformas Constitucionales --</subfield>
    <subfield code="g">Disposiciones generales y transitorias --</subfield>
    <subfield code="g">&#xCD;ndice tem&#xE1;tico.</subfield>
  </datafield>
  <datafield tag="590" ind1=" " ind2=" ">
    <subfield code="a">Inventariado, 2018/ YL</subfield>
  </datafield>
  <datafield tag="651" ind1=" " ind2="4">
    <subfield code="a">Rep&#xFA;blica Dominicana</subfield>
    <subfield code="x">Constituci&#xF3;n (2010{Rpara}</subfield>
    <subfield code="9">35654</subfield>
  </datafield>
  <datafield tag="651" ind1=" " ind2="4">
    <subfield code="a">Rep&#xFA;blica Dominicana</subfield>
    <subfield code="z">Derecho Constitucional</subfield>
    <subfield code="9">449</subfield>
  </datafield>
  <datafield tag="700" ind1="1" ind2=" ">
    <subfield code="a">Carvajal Oviedo, Herbert</subfield>
    <subfield code="9">14576</subfield>
  </datafield>
  <datafield tag="700" ind1="1" ind2=" ">
    <subfield code="a">Rodr&#xED;guez Huertas, Olivo A.,</subfield>
    <subfield code="e">pr&#xF3;l.</subfield>
    <subfield code="9">55545</subfield>
  </datafield>
  <datafield tag="910" ind1=" " ind2=" ">
    <subfield code="a">Validado. Control de calidad EMS</subfield>
  </datafield>
  <datafield tag="952" ind1=" " ind2=" ">
    <subfield code="0">0</subfield>
    <subfield code="1">0</subfield>
    <subfield code="5">4</subfield>
    <subfield code="7">0</subfield>
    <subfield code="8">DS</subfield>
    <subfield code="a">GR</subfield>
    <subfield code="b">GR</subfield>
    <subfield code="c">HD</subfield>
    <subfield code="d">2011-04-11</subfield>
    <subfield code="i">LF1</subfield>
    <subfield code="l">0</subfield>
    <subfield code="o">342.729302 R426con, 2010</subfield>
    <subfield code="p">28592-30</subfield>
    <subfield code="r">2020-06-25</subfield>
    <subfield code="t">e. 3</subfield>
    <subfield code="w">2020-06-25</subfield>
    <subfield code="y">LFDS</subfield>
    <subfield code="Z">Pr&#xE9;stamo en sala</subfield>
  </datafield>
  <datafield tag="952" ind1=" " ind2=" ">
    <subfield code="0">0</subfield>
    <subfield code="1">0</subfield>
    <subfield code="7">1</subfield>
    <subfield code="8">PD</subfield>
    <subfield code="a">PD</subfield>
    <subfield code="b">PD</subfield>
    <subfield code="c">HD</subfield>
    <subfield code="d">2011-04-11</subfield>
    <subfield code="i">LF1</subfield>
    <subfield code="l">0</subfield>
    <subfield code="o">342.729302 R426con, 2010</subfield>
    <subfield code="p">28592-10</subfield>
    <subfield code="r">2020-06-25</subfield>
    <subfield code="w">2020-06-25</subfield>
    <subfield code="y">LFPD</subfield>
    <subfield code="Z">No se presta</subfield>
  </datafield>
  <datafield tag="952" ind1=" " ind2=" ">
    <subfield code="0">0</subfield>
    <subfield code="1">0</subfield>
    <subfield code="7">1</subfield>
    <subfield code="8">PD</subfield>
    <subfield code="a">PD</subfield>
    <subfield code="b">PD</subfield>
    <subfield code="c">HD</subfield>
    <subfield code="d">2011-04-11</subfield>
    <subfield code="i">LF1</subfield>
    <subfield code="l">0</subfield>
    <subfield code="o">342.729302 R426con, 2010</subfield>
    <subfield code="p">28592-20</subfield>
    <subfield code="r">2020-06-25</subfield>
    <subfield code="t">e. 2</subfield>
    <subfield code="w">2020-06-25</subfield>
    <subfield code="y">LFPD</subfield>
    <subfield code="Z">No se presta</subfield>
  </datafield>
  <datafield tag="999" ind1=" " ind2=" ">
    <subfield code="c">28084</subfield>
    <subfield code="d">28084</subfield>
  </datafield>
</record>
